Processus de Markov : la frontiere de Martin
Saved in:
| Main Author: | |
|---|---|
| Format: | Book |
| Language: | French |
| Published: |
Berlin :
Springer-Verlag,
1968
|
| Series: | Lecture notes in mathematics (Springer-Verlag)
; 77 |
| Subjects: | |
| Tags: |
Add Tag
No Tags, Be the first to tag this record!
|
MARC
| LEADER | 00000nam a2200000 i 4500 | ||
|---|---|---|---|
| 001 | 1/36730 | ||
| 008 | 941103s1968 fre d | ||
| 035 | |a 1993 |l 10040316 | ||
| 040 | |a GR-MY-UA |b gre |e aacr | ||
| 041 | 0 | |a fre | |
| 082 | 0 | |a 519.233 | |
| 100 | 1 | |a Meyer, Paul Andre. | |
| 245 | 1 | 0 | |a Processus de Markov : |b la frontiere de Martin / |c Paul-Andre Meyer |
| 260 | |a Berlin : |b Springer-Verlag, |c 1968 | ||
| 300 | |a 123 p.; |c 28 cm. | ||
| 490 | 1 | |a Lecture notes in mathematics (Springer-Verlag) |v ; 77 | |
| 650 | 0 | 0 | |a Markov processes. |
| 650 | 0 | 0 | |a Potential theory (Mathematics) |
| 830 | 0 | |a Lecture notes in mathematics (Springer-Verlag) |v ; 77 | |
| 852 | |a INST |b SAMOS |e 19941103 |h 519.233 MEY |p 005300008120 |q 005300008120 |t BK |y 0 | ||
| 909 | |a Σ |b 028799 | ||